Państwa Ameryki Północnej w 90 sekund - Statystyki

Ogólne statystyki
  • Ten quiz został rozwiązany 68 razy
  • Średni wynik to 19 z 23
Odpowiedzi na mapie
Odpowiedzi zakodowano w zielono-czerwonej skali na mapie do tego quizu, zgodnie z poniższymi procentami.
 
Statystyki odpowiedzi
Kraj % Poprawnych
Stany Zjednoczone
100%
Dominika
96%
Dominikana
96%
Kanada
96%
Meksyk
96%
Jamajka
92%
Kuba
92%
Panama
92%
Salwador
88%
Belize
84%
Haiti
84%
Gwatemala
80%
Honduras
80%
Kostaryka
80%
Bahamy
76%
Barbados
76%
Trynidad i Tobago
76%
Nikaragua
72%
Saint Lucia
68%
Saint Vincent i Grenadyny
64%
Antigua i Barbuda
60%
Grenada
60%
Saint Kitts i Nevis
60%
Nie znaleziono quizów pasujących do podanych kryteriów
Rozkład punktacji
Procent ludzi z każdym wynikiem
Percentyl według liczby udzielonych odpowiedzi
Twoja historia wyników
Nie rozwiązałeś tego quizu